| 000 | 01075nam a2200241 a 4500 | ||
|---|---|---|---|
| 001 | 000024284 | ||
| 003 | AM-YEHGA | ||
| 005 | 20250618070849.0 | ||
| 008 | 970514s1972 ai ||||gr|||||||||0|arm|d | ||
| 040 | _aAM-YeHGA | ||
| 041 | 1 |
_aarm _hfre |
|
| 100 | 1 |
_aԱդոնց, Նիկողայոս Գևորգի, _d1871-1942 _99379 |
|
| 245 | 1 | 0 |
_aՀայաստանի պատմություն : _bԱկունքները X-VI դդ. մ.թ.ա. : Հայերի ծագումը : Հոդվածներ / _cՆ.Գ. Ադոնց ; Ֆրանս. թարգմ.՝ Վ. Պ. Սեղբոսյանը ; Խմբ.՝ Գ.Խ. Սարգսյան. |
| 260 |
_aԵրևան : _bՀայաստան, _c1972. |
||
| 300 |
_a429 էջ : _bդիմանկ. ; _c22 սմ. |
||
| 504 | _aՏողատակի ծանոթագր. | ||
| 504 | _aԱնձնանուների և տեղանունների ցանկ, էջ՝ 397-428 | ||
| 650 | 1 | 0 | _aՀայոց պատմություն |
| 700 | 1 |
_aՍարգսյան, Գագիկ Խորենի, _d1926-1998 _eխմբ. _4edt _91057 |
|
| 700 | 1 |
_aՍեղբոսյան, Վ.Պ. _eթարգմ. _4trl |
|
| 942 |
_2udc _cBK |
||
| 090 | _c9865 | ||
| 999 |
_c9798 _d9798 |
||